| 000 | 00210nam a22000737a 4500 | ||
|---|---|---|---|
| 999 |
_c75 _d75 |
||
| 003 | Nust | ||
| 005 | 20170321120442.0 | ||
| 008 | 131220b xxu||||| |||| 00| 0 eng d | ||
| 040 | _c0 | ||
| 082 | _a070.4 MEH | ||
| 100 | _aDr. Mehndi Hasan | ||
| 245 |
_aJournalism for All _cHasan,Dr.Mehndi |
||
| 260 |
_aLahore _bAziz Book Depot _c5,Jan,1997 |
||
| 300 | _a328 p. | ||
| 500 | _aH.B | ||
| 942 |
_2ddc _cBK _k070.4 MEH |
||